000 00638nam a22002051i 4500
001 000030494
003 RuMoIPM
005 20260506114238.0
008 130426s1968----ur | c rus
040 _aRuMoIPM
_brus
_ercr
041 0 _arus
080 _a51
080 _a510
100 1 _aРузавин, Георгий Иванович
245 1 _aО природе математического знания
_b(Очерки по методологии математики)
_cГ. И. Рузавин
260 _aМосква
_bМысль
_c1968
300 _a302 с.
504 _aБиблиогр.: с. 292-299
942 _cBK
999 _c30494
_d30494